000 00777nam a2200181Ia 4500
001 3326
003 GE_BSU
008 181216s||||||||xx |||||||||||||| ||und||
040 _cGE_BSU
080 _a628.54(072)
245 _aМетодическое руководство по анализу сточных вод нефтеперерабативающих и нефтехимических заводов.
250 _aИзд второе, исправленное, дополненное.
260 _aМ.
260 _c1977.
300 _a594 стр. 21см.
653 _aМетодическое руководство по анализу сточных вод нефтеперерабативающих и нефтехимических заводов.
942 _cBK
999 _c37367
_d37367